000 00448nam a22001577a 4500
003 OSt
005 20240716110508.0
007 181 pages
008 240716b |||||||| |||| 00| 0 eng d
020 _a9788120325784
040 _aAO enterprises
_c
082 _a174.962
_bGOV
245 _aEngineering ethics
_bIncludes human values
_cGovindarajan,M
260 _bPHI
_c2024
942 _2ddc
_cBK
_h174.962
_iGOV
_k174.962
_mGOV
_n0
999 _c36061
_d36061